Estadísticas para 5 capitales mundiales en un mapa en 25 segundos

Haz click aquí para intentar la prueba.

Estadísticas generales

  • Esta prueba ha sido intentada 608 veces
  • La puntuación promedio es 3 de 5

Respuestas en el mapa

Las respuestas están codificadas por una escala verde-roja en el mapa de la prueba según el % correcto abajo.
 

Estadísticas de respuestas

capital% Correcto
Abu Dhabi
100%
Andorra la Vieja
100%
Ankara
100%
Bagdad
100%
Bamako
100%
Bangkok
100%
Belgrado
100%
Brasilia
100%
Bratislava
100%
Bucarest
100%
Canberra
100%
Ciudad de Guatemala
100%
Ciudad de Panamá
100%
Dili
100%
Dublin
100%
El Cairo
100%
Estocolmo
100%
Freetown
100%
Jerusalén
100%
Kigali
100%
Kingston
100%
La Habana
100%
La Paz <i>o</i> Sucre
100%
Lisboa
100%
Lomé
100%
Lusaka
100%
Madrid
100%
Majuro
100%
Manila
100%
Mascate
100%
Minsk
100%
Montevideo
100%
Moscú
100%
Nasáu
100%
Nicosia
100%
Nom Pen
100%
Nuakchot
100%
Nueva Delhi
100%
París
100%
Pekín
100%
Pionyang
100%
Port Louis
100%
Port Vila
100%
Puerto Príncipe
100%
Rabat
100%
Riga
100%
Roma | Ciudad del Vaticano
100%
San Marino
100%
San Salvador
100%
Santiago
100%
Sarajevo
100%
Skopie
100%
Suva
100%
Taipéi
100%
Tokio
100%
Trípoli
100%
Vaduz
100%
Viena
100%
Washington
100%
Wellington
100%
Taskent
67%
Vientián
67%
Bridgetown
50%
Gaborone
50%
Helsinki
50%
Luanda
50%
Maseru
50%
Mogadiscio
50%
Nairobi
50%
Yakarta
50%
Yibuti
50%
La Valeta
33%
Luxemburgo
33%
Malabo
33%
Malé
33%
Abuya
0%
Acra
0%
Adís Abeba
0%
Amán
0%
Ámsterdam
0%
Antananarivo
0%
Apia
0%
Argel
0%
Asjabad
0%
Asmara
0%
Asunción
0%
Atenas
0%
Bakú
0%
Bandar Seri Begawan
0%
Bangui
0%
Banjul
0%
Basseterre
0%
Beirut
0%
Belmopán
0%
Berlín
0%
Berna
0%
Bisáu
0%
Biskek
0%
Bogotá
0%
Brazzaville
0%
Bruselas
0%
Budapest
0%
Buenos Aires
0%
Caracas
0%
Castries
0%
Chișinău
0%
Ciudad de México
0%
Colombo
0%
Conakri
0%
Copenhague
0%
Daca
0%
Dakar
0%
Damasco
0%
Dodoma
0%
Doha
0%
Dusambé
0%
Ereván
0%
Funafuti
0%
Georgetown
0%
Gitega
0%
Hanói
0%
Harare
0%
Honiara
0%
Islamabad
0%
Jartum
0%
Kabul
0%
Kampala
0%
Katmandú
0%
Kiev
0%
Kingstown
0%
Kinsasa
0%
Kuala Lumpur
0%
Kuwait
0%
Libreville
0%
Lilongüe
0%
Lima
0%
Liubliana
0%
Londres
0%
Managua
0%
Manama
0%
Maputo
0%
Mbabane
0%
Mónaco
0%
Monrovia
0%
Moroni
0%
Naipyidó
0%
Ngerulmud
0%
Niamey
0%
Nukualofa
0%
Nur-Sultan
0%
Oslo
0%
Ottawa
0%
Palikir
0%
Paramaribo
0%
Podgorica
0%
Port Moresby
0%
Porto-Novo <i>o</i> Cotonou
0%
Praga
0%
Praia
0%
Pretoria, Ciudad del Cabo,
<i>o</i> Bloemfontein
0%
Pristina
0%
Puerto España
0%
Quito
0%
Reikiavik
0%
Riad
0%
Roseau
0%
Saint George
0%
Saint John's
0%
Saná
0%
San José
0%
Santo Domingo
0%
Santo Tomé
0%
Seúl
0%
Singapur
0%
Sofía
0%
Tallin
0%
Tarawa Sur
0%
Tegucigalpa
0%
Teherán
0%
Tiflis
0%
Timbu
0%
Tirana
0%
Túnez
0%
Uagadugú
0%
Ulán Bator
0%
Varsovia
0%
Victoria
0%
Vilna
0%
Windhoek
0%
Yamena
0%
Yamusukro
0%
Yaren
0%
Yaundé
0%
Yuba
0%
Zagreb
0%

Distribución de puntuación

Porcentaje por número respondido

Porcentaje de gente con cada puntuación

Historial de tus puntuaciones

No has intentado esta prueba.